| 000 -LEADER |
| fixed length control field |
01689 a2200277 4500 |
| 003 - CONTROL NUMBER IDENTIFIER |
| control field |
Nust |
| 005 - DATE AND TIME OF LATEST TRANSACTION |
| control field |
20221210112947.0 |
| 010 ## - LIBRARY OF CONGRESS CONTROL NUMBER |
| LC control number |
2005272339 |
| 020 ## - INTERNATIONAL STANDARD BOOK NUMBER |
| International Standard Book Number |
0470854340 |
| 035 ## - SYSTEM CONTROL NUMBER |
| System control number |
(OCoLC)ocm57202615 |
| 040 ## - CATALOGING SOURCE |
| Transcribing agency |
Nust |
| 082 04 - DEWEY DECIMAL CLASSIFICATION NUMBER |
| Classification number |
621.382,UTA |
| 100 1# - MAIN ENTRY--PERSONAL NAME |
| Personal name |
Utas, Greg. |
| 9 (RLIN) |
104603 |
| 245 10 - TITLE STATEMENT |
| Title |
Robust communications software : |
| Remainder of title |
extreme availability, reliability and scalability for carrier-grade systems / |
| Statement of responsibility, etc. |
Greg Utas. |
| 260 ## - PUBLICATION, DISTRIBUTION, ETC. |
| Place of publication, distribution, etc. |
Chichester ; |
| -- |
Hoboken, NJ : |
| Name of publisher, distributor, etc. |
John Wiley & Sons, |
| Date of publication, distribution, etc. |
c2005. |
| 300 ## - PHYSICAL DESCRIPTION |
| Extent |
xvii, 331 p. : |
| Other physical details |
ill. ; |
| Dimensions |
25 cm. |
| 505 ## - FORMATTED CONTENTS NOTE |
| Formatted contents note |
Introduction (Page-1), Overview (Page-15), Object Orientation (Page-27), Using Objects Effectively (Page-35), Scheduling Threads (Page-77), Distributing Work (Page-105), Protecting Against Software Faults (Page-119), Recovering From Software Faults (Page-131), Messaging (Page-175), Overload Controls (Page-203), Failover (Page-213), Software Installation (Page-225), System Operability (Page-235), Software Operability (Page-253), Debugging In The Field (Page-257), Managing Capacity (Page-271), Staging Carrier Grade Software (Page-279), Assessing Carrier Grade Software (Page-287). |
| 650 #0 - SUBJECT ADDED ENTRY--TOPICAL TERM |
| Topical term or geographic name entry element |
Computer software |
| General subdivision |
Development. |
| 9 (RLIN) |
18022 |
| 650 #0 - SUBJECT ADDED ENTRY--TOPICAL TERM |
| Topical term or geographic name entry element |
Embedded computer systems. |
| 9 (RLIN) |
17999 |
| 650 #0 - SUBJECT ADDED ENTRY--TOPICAL TERM |
| Topical term or geographic name entry element |
Telecommunication Engineering |
| 650 #0 - SUBJECT ADDED ENTRY--TOPICAL TERM |
| Topical term or geographic name entry element |
Telecommunication systems. |
| 9 (RLIN) |
21843 |
| 856 42 - ELECTRONIC LOCATION AND ACCESS |
| Materials specified |
Contributor biographical information |
| Uniform Resource Identifier |
<a href="http://www.loc.gov/catdir/enhancements/fy0626/2005272339-b.html">http://www.loc.gov/catdir/enhancements/fy0626/2005272339-b.html</a> |
| 856 42 - ELECTRONIC LOCATION AND ACCESS |
| Materials specified |
Publisher description |
| Uniform Resource Identifier |
<a href="http://www.loc.gov/catdir/enhancements/fy0626/2005272339-d.html">http://www.loc.gov/catdir/enhancements/fy0626/2005272339-d.html</a> |
| 856 42 - ELECTRONIC LOCATION AND ACCESS |
| Materials specified |
Table of contents only |
| Uniform Resource Identifier |
<a href="http://www.loc.gov/catdir/enhancements/fy0626/2005272339-t.html">http://www.loc.gov/catdir/enhancements/fy0626/2005272339-t.html</a> |
| 942 ## - ADDED ENTRY ELEMENTS (KOHA) |
| Source of classification or shelving scheme |
|
| Koha item type |
Book |